000 00584nam a2200169 4500
999 _c16275
_d16275
008 211022b ||||| |||| 00| 0 eng d
022 _a0732-8435
082 _aDPer 657.05 C33 Apr - Sept 2016, v86 n4-9
100 _aEccles, Robert G.
_943610
245 _aSustainability as a social movement/
_cRobert G. Eccles.
260 _aNew York:
_bThe New York State Society of CPA,
_c©2016.
300 _av86 n6, pages 26-31:
_billustrations;
_c28 cm.
500 _aThe CPA Journal
650 _aSocial movements.
_943611
650 _aEnvironmental movement.
_943612
942 _2ddc
_cPER